00809cam a2200241 i 4500003000400000005001700004008004100021020003000062040003100092050002000123100002500143245008500168260002400253300004500277336002600322337002800348338002700376504005500403650003400458650002200492650002000514700003300534OSt20240320130125.0  a9781138657106 (paperback) aNUSTcNUSTbengdNUSTerda aREF RC 1235 ROU aY Hongd2016eEditor00aRoutledge handbook of ergonomics in sport and exercise /cedited by Youlian Hong aNew YorkbRoutledge axiv, 591 pages :billustrations ;c26 cm atextbtxt2rdacontent aunmediatedbn2rdamedia avolumebnc2rdacarrier aIncludes bibliographical references and indexes  0aSportsxPhysiological aspects 0aHuman engineering 0aHuman mechanics1 aHong, Youlian,d2006eeditor